Spell the Marvel Character #101 - Statistics

General Stats
  • This quiz has been taken 17 times
  • The average score is 4 of 5
Answer Stats
Picture Answer % Correct
Captain Britain
100%
Ulysses Bloodstone
100%
Kitty Pryde
92%
Puck
92%
Phastos
58%
No matching quizzes found
Score Distribution
Percent of People with Each Score
Percentile by Number Answered
Your Score History
You have not taken this quiz